00490nam a2200169Ia 4500003000400000005001700004008004100021020001800062040002700080100001800107245004800125260001700173260000900190942001200199999001300211952009600224OSt20240209113306.0170523s9999 xx 000 0 und d a9788185431758 ciimt university meerut aMUDGAL- RAHUL 4aTHE MAKING OF AN EDINFORMATION TECHNOLOGYOR bSARUP SONS c1999 2ddcc02 c449d449 00102ddc4070a01b01d2017-06-01fDept. MBAoRp01-B-1598r2017-06-01w2017-06-01y02z